| 000 | 00000nam 2200000zi 4500 |
| 001 | 9.931344 |
| 003 | CaOODSP |
| 005 | 20231212131831 |
| 006 | m o d f |
| 007 | cr |n||||||||| |
| 008 | 231211s2020 onca o f000 0 eng d |
| 040 | |aCaOODSP|beng|erda|cCaOODSP |
| 043 | |an-cn--- |
| 086 | 1 |aNG21-14/2020E-PDF |
| 245 | 00|aCode of conduct : |bNational Gallery of Canada. |
| 246 | 37|aNGC code of conduct |
| 264 | 1|a[Ottawa] : |bNational Gallery of Canada, |c[2020] |
| 300 | |a1 online resource (18 pages) : |billustrations |
| 336 | |atext|btxt|2rdacontent |
| 337 | |acomputer|bc|2rdamedia |
| 338 | |aonline resource|bcr|2rdacarrier |
| 500 | |aCover title. |
| 500 | |a"This Code of Conduct was approved by the Board of Trustees on March 10, 2020."--cover page. |
| 500 | |aIssued also in French under title: Code de déontologie : Musée des beaux-arts du Canada. |
| 610 | 10|aNational Gallery of Canada|xOfficials and employees|xProfessional ethics. |
| 710 | 2 |aNational Gallery of Canada, |eissuing body. |
| 775 | 08|tCode de déontologie : |w(CaOODSP)9.931345 |
| 856 | 40|qPDF|s1.03 MB|uhttps://publications.gc.ca/collections/collection_2023/mbac-ngc/NG21-14-2020-eng.pdf |